Documento expedido por Don Diego Moreno y Chacón (Record no. 4682)

MARC details
000 -CABECERA
campo de control de longitud fija 01254nam a2200301 a 4500
001 - NÚMERO DE CONTROL
campo de control BRCA_4988
005 - FECHA Y HORA DE LA ÚLTIMA TRANSACCIÓN
campo de control 20190320204906.0
008 - DATOS DE LONGITUD FIJA--INFORMACIÓN GENERAL
campo de control de longitud fija 281010s1792----mx-######v---#000-0#spa-#
041 ## - CÓDIGO DE LENGUA
Código de lengua del texto/banda sonora o título independiente spa
044 ## - CÓDIGO DEL PAÍS DE LA ENTIDAD EDITORA/PRODUCTORA
Código MARC del país mx
084 ## - OTRO NÚMERO DE CLASIFICACIÓN
Número de clasificación DOC84
Número de documento/Ítem .M67
-- 1792
100 1# - ENTRADA PRINCIPAL--NOMBRE DE PERSONA
Nombre de persona Moreno y Chacón, Diego
9 (RLIN) 12704
245 10 - MENCIÓN DE TÍTULO
Título Documento expedido por Don Diego Moreno y Chacón
Mención de responsabilidad, etc. Don Diego Moreno y Chacón.
260 ## - PUBLICACIÓN, DISTRIBUCIÓN, ETC.
Lugar de publicación, distribución, etc. México
Fecha de publicación, distribución, etc. 1792
300 ## - DESCRIPCIÓN FÍSICA
Extensión [6] fojas
Dimensiones 31 x 21 cm
500 ## - NOTA GENERAL
Nota general Documento expedido el 24 de febrero de 1792
500 ## - NOTA GENERAL
Nota general Documento de Acta de Verduría e instrucciones de las minas que se hizo en Zacatecas a pedimento de Don Diego Chacón
500 ## - NOTA GENERAL
Nota general El documento tiene la leyenda DOC. #244
500 ## - NOTA GENERAL
Nota general Papel con marca de agua
500 ## - NOTA GENERAL
Nota general Estado de conservación: Contiene en los márgenes dobleces y rasgos de acificación
506 0# - NOTA DE RESTRICCIONES AL ACCESO
Limitaciones de acceso Fondo reservado: para su consulta es necesario credencial de usuario y carta de motivos
546 ## - NOTA DE LENGUA/LENGUAJE
Nota de lengua/lenguaje Texto en: español de finales del siglo XVIII
600 14 - PUNTO DE ACCESO ADICIONAL DE MATERIA--NOMBRE DE PERSONA
Nombre de persona Moreno Chacón, Diego
9 (RLIN) 12705
650 14 - PUNTO DE ACCESO ADICIONAL DE MATERIA--TÉRMINO DE MATERIA
Término de materia o nombre geográfico como elemento de entrada Minería
Subdivisión de forma Manuscrito
Subdivisión general Historia
Subdivisión cronológica Colonia, 1521-1821
Subdivisión geográfica Zacatecas
9 (RLIN) 12706
651 #4 - PUNTO DE ACCESO ADICIONAL DE MATERIA--NOMBRE GEOGRÁFICO
Nombre geográfico México
Subdivisión de forma Manuscrito
Subdivisión general Historia
Subdivisión cronológica Colonia, 1521-1821
Subdivisión geográfica Zacatecas
9 (RLIN) 12707
902 ## - CATALOGADOR
Iniciales FDH
942 ## - ELEMENTOS DE PUNTO DE ACCESO ADICIONAL (KOHA)
Fuente del sistema de clasificación o colocación Library of Congress Classification
Tipo de ítem Koha Documentos
Holdings
Estado de retiro Estado de pérdida Estado dañado No para préstamo Localización permanente Ubicación/localización actual Fecha de adquisición Total de préstamos Signatura topográfica completa Código de barras Fecha visto por última vez Precio válido a partir de Tipo de ítem Koha
El ejemplar forma parte de la colección y puede ser consultado según las políticas vigentes.       Biblioteca del Museo Franz Mayer (Rogerio Casas-Alatriste) Biblioteca del Museo Franz Mayer (Rogerio Casas-Alatriste) 28/10/2010   DOC84 .M67 1792 5072 22/03/2019 22/03/2019 Documentos